| 000 | 00415nam a2200157Ia 4500 | ||
|---|---|---|---|
| 005 | 20250430022724.0 | ||
| 008 | 240331s9999 xx 000 0 und d | ||
| 020 | _a9559700901 | ||
| 082 |
_bRAM _a891 |
||
| 100 | _aPushpa Ramlani | ||
| 245 | 0 | _aTunweni rathriya | |
| 260 |
_aColombo _bWomen and the Media Collective _c1999 |
||
| 300 | _a87 p ., ( B 1) | ||
| 500 | _aA Collection of Kerala Short Stories | ||
| 942 | _cL | ||
| 999 |
_c5575 _d5575 |
||